000 00254nam a22001217a 4500
008 181101b xxu||||| |||| 00| 0 eng d
041 _aeng
080 _a510
100 _a37
101 _aMAT
245 _aScintifid Tables
_cGeigy.d
942 _2udc
_cBK
999 _c51459
_d51459